| 000 | 00640nmc a2200241 a 4500 | ||
|---|---|---|---|
| 003 | AR-X00000XY | ||
| 005 | 20251128211934.0 | ||
| 008 | 047020s2001 ||||||||||||||000 | spa|| | ||
| 020 | _a950-515-804-1 | ||
| 040 | _cAR-X00000XY | ||
| 100 | 1 | _aBradbury, Ray | |
| 245 | 1 | 0 | _aLa niña que iluminó la noche |
| 250 | _a10ª ed. | ||
| 260 |
_aBuenos Aires _bEdiciones de la Flor _c2001 |
||
| 300 | 0 |
_a[ca. 30 p.] _bil. |
|
| 490 | 0 |
_aLibros de la Florcita _vv. 1 |
|
| 650 | 4 | _aCUENTO INFANTIL | |
| 650 | 4 | _aCUENTOS DE AVENTURAS | |
| 655 | _aLITERATURA | ||
| 700 | 1 |
_aMarchesi, Juan _eilustrador |
|
| 942 | _cBK | ||
| 998 | _cna-calidad | ||
| 999 |
_c21700 _d21700 |
||